000 00641nam a2200229Ia 4500
003 OSt
005 20220928115417.0
006 a|||||r|||| 00| 0
007 ta
008 220927b |||||||| |||| 00| 0 eng d
024 _a141203
037 _cTextual
040 _aSDCL
_cSDCL
_beng
041 _2eng
_aeng
082 _aV2:51-8'N47, M5
100 _aadhya G.L
_9444134
245 0 _aINDIA STRUGGLE for independence
_bVisuals and document.
260 _aNew Delhi
_bN.C.R.T
_c1985
300 _axi,176,various pigination.
_ccm.
942 _hV2:51-8'N47, M5
_cTEXL
_2CC
999 _c759248
_d759248